000 00704nam a22002057a 4500
003 OSt
005 20260612124554.0
008 260612b |||||||| |||| 00| 0 eng d
020 _a9781416602729
040 _cChuka University Library
050 _aLB 2835
_b.S7 2006
100 _aStronge James H.
_929007
245 _aThe Teacher Quality Index
_bA Protocol Teacher Selection
260 _aAlexandria, Virginia USA
_bAssociation for Supervision and Curriculum Development
_c2006
300 _avii
_billustrated includes indexes
_e1 cd rom
650 _aTeachers- Selection and Appointment
_929008
650 _aTeachers- Rating
_929009
700 _aHindman Jeniffer L.
_929010
942 _2lcc
_cBK
_n0
999 _c24188
_d24188